Midsummer retail report 2007 (Record no. 107266)

MARC details
000 -LEADER
fixed length control field 01332cad a22002415a 4500
001 - CONTROL NUMBER
control field L138895
008 - FIXED-LENGTH DATA ELEMENTS--GENERAL INFORMATION
fixed length control field 070718s2007 xxkd f o 000 0 eng d
035 ## - SYSTEM CONTROL NUMBER
System control number (Sirsi) u138895
041 0# - LANGUAGE CODE
Language code of text/sound track or separate title eng
050 04 - LIBRARY OF CONGRESS CALL NUMBER
Classification number 711.552 $2 18
110 2# - MAIN ENTRY--CORPORATE NAME
Corporate name or jurisdiction name as entry element Colliers Conrad Ritblat Erdman
9 (RLIN) 4264
245 00 - TITLE STATEMENT
Title Midsummer retail report 2007
Medium [electronic resource]
260 ## - PUBLICATION, DISTRIBUTION, ETC.
Place of publication, distribution, etc. London
Name of publisher, distributor, etc. Colliers CRE
Date of publication, distribution, etc. 2007
490 #0 - SERIES STATEMENT
Series statement Colliers Midsummer Retail Report
Volume/sequential designation 2007
520 ## - SUMMARY, ETC.
Summary, etc. Reports that interest rate rises have dampened the strong retail investment market of a year ago, and whilst prime yields should remain steady, the secondary and tertiary markets are expected to weaken over the next 18 months. The in town and out of town occupier market is variable, and it is predicted that 30% of planned shopping centre development schemes will not get constructed this cycle. Forecasts a collapse in total retail returns across all three sub-sectors in 2007, with a pick up in performance expected through to 2010.
590 ## - LOCAL NOTE (RLIN)
Local note KA
650 24 - SUBJECT ADDED ENTRY--TOPICAL TERM
Topical term or geographic name entry element COLLIERS MIDSUMMER RETAIL REPORT
651 #4 - SUBJECT ADDED ENTRY--GEOGRAPHIC NAME
Geographic name United Kingdom
Chronological subdivision
690 ## - LOCAL SUBJECT ADDED ENTRY--TOPICAL TERM (OCLC, RLIN)
Topical term or geographic name as entry element PROPERTY-COMMERCIAL PROPERTY-COMMERCIAL PROPERTY MARKET
690 ## - LOCAL SUBJECT ADDED ENTRY--TOPICAL TERM (OCLC, RLIN)
Topical term or geographic name as entry element PROPERTY-COMMERCIAL PROPERTY-RETAIL PROPERTY
856 40 - ELECTRONIC LOCATION AND ACCESS
Uniform Resource Identifier <a href="https://www.colliers.com">https://www.colliers.com</a>
Public note View the report free of charge at www.colliers.com...
942 ## - ADDED ENTRY ELEMENTS (KOHA)
Suppress in OPAC 0
Holdings
Withdrawn status Lost status Source of classification or shelving scheme Damaged status Not for loan Home library Current library Shelving location Date acquired Total Checkouts Full call number Barcode Date last seen Copy number Price effective from Koha item type
    Dewey Decimal Classification     Virtual Virtual Online 18/07/2007   ONLINE PUBLICATION 138895-2001 06/08/2019 1 06/08/2019 Book